000 01854nam a2200361 a 4500
001 000017495
005 20240307073947.0
008 100325s1985 dr ad 001 0 spa d
040 _aDO-SdBNP
_bspa
_cBNPHU
082 _a303.483
_bM181c
100 1 _aMadé Serrano, Nicolás
_911801
245 1 0 _aCiencia, tecnología y sociedad en una región del tercer mundo :
_bAmérica Latina y El Caribe /
_cNicolás Madé Serrano, Ramón Morrison.
260 _aSanto Domingo :
_bUASD,
_c1985.
300 _a307 p. :
_bil., gráfcs., tablas ;
_c21 cm.
490 1 _aPublicaciones de la Universidad Autónoma de Santo Domingo ;
_v375
490 1 _aCiencia, Tecnología y Sociedad ;
_v1
490 1 _aM & M ;
500 _aIncluye datos biográficos de los autores en la contracubierta.
504 _aIncluye referencias bibliográficas y notas al pie de páginas.
504 _aBibliografía : p. 295-307
505 0 _gIntroducción --
_tMarco conceptual --
_tImplicaciones sociales de la ciencia y la tecnología --
_tCiencia y tecnología en el mundo --
_tCiencia y tecnología en América Latina y el Caribe --
_tCiencia y tecnología "atrapadas" en un país "atrapado" --
_tPolítica científica y tecnológica en la región --
_tCamino a seguir --
_gApéndices.
590 _aInventariado, 2018/BT
650 4 _aCiencia y tecnología
_920738
650 4 _aPolítica científica
_zCaribe (Región{Rpara}
_938213
650 4 _aSociología de la ciencia
_925764
650 4 _aPolítica tecnológica
_zCaribe (Región{Rpara}
_938214
700 1 _aMorrison, Ramón
_917447
710 1 _aUniversidad Autónoma de Santo Domingo
_972951
830 0 _aPublicaciones de la Universidad Autónoma de Santo Domingo ;
_n375
_938215
830 0 _aCiencia, Tecnología y Sociedad ;
_n1
_938216
830 0 _aM & M ;
_938217
910 _aValidado. Control de calidad. EMS
999 _c17020
_d17020